Bienvenido a nuestro catálago, Biblioteca Universidad Monteávila

Pérez Jiménez y la dinámica del poder (1948-1958) (Registro nro. 13374)

Detalles MARC
000 -CABECERA
campo de control de longitud fija 01824nam a2200241 4500
003 - IDENTIFICADOR DEL NÚMERO DE CONTROL
campo de control vecauma
005 - FECHA Y HORA DE LA ÚLTIMA TRANSACCIÓN
campo de control 20260415135340.0
007 - CAMPO FIJO DE DESCRIPCIÓN FÍSICA--INFORMACIÓN GENERAL
campo de control de longitud fija ta
008 - DATOS DE LONGITUD FIJA--INFORMACIÓN GENERAL
campo de control de longitud fija 260415b ve ||||| |||| 00| 0 spa d
020 ## - ISBN
Número Internacional Estándar del Libro 9806004728
040 ## - FUENTE DE LA CATALOGACIÓN
Centro catalogador/agencia de origen vecauma
Lengua de catalogación spa
Centro/agencia transcriptor vecauma
Centro/agencia modificador vecauma
Normas de descripción rda
041 ## - CÓDIGO DE LENGUA
Código de lengua del recurso spa
100 1# - AUTOR PERSONAL
Término indicativo de función/relación autor
245 1# - MENCIÓN DE TÍTULO
Título Pérez Jiménez y la dinámica del poder (1948-1958)
Mención de responsabilidad, etc. / Manuel Rodríguez Campos
264 ## - PRODUCCIÓN, PUBLICACIÓN, DISTRIBUCIÓN, FABRICACIÓN Y COPYRIGHT
Producción, publicación, distribución, fabricación y copyright Caracas:
Nombre del de productor, editor, distribuidor, fabricante Eldorado;
Fecha de producción, publicación, distribución, fabricación o copyright 1983.
300 ## - DESCRIPCIÓN FÍSICA
Extensión 286 páginas.
336 ## - TIPO DE CONTENIDO
Término de tipo de contenido texto
Código de tipo de contenido txt
Fuente rdacontenido
337 ## - TIPO DE MEDIO
Nombre/término del tipo de medio no mediado
Código del tipo de medio n
Fuente rdamedio
338 ## - TIPO DE SOPORTE
Nombre/término del tipo de soporte volumen
Código del tipo de soporte nc
Fuente rdasoporte
505 0# - NOTA DE CONTENIDO CON FORMATO
Nota de contenido con formato Una economía "hacia afuera" /<br/>Una economía "hacia adentro" /<br/>La acción de gobierno y las clases dominantes /
Información miscelánea Licenciado en Contaduría Pública (1960), Licenciado en Historia (1974), Magíster en Historia de Venezuela (1980) y actual cursante del programa de Doctorado, siempre en la Universidad Central de Venezuela (UCV).<br/>Desde 1960 ha sido profesor en esta misma universidad, en sus Escuelas de Contaduría, Administración e Historia, y asimismo en los programas de Maestría en Historia. Ha sido Director de la Escuela de Administración (Facultad de Economía), del Instituto de Estudios Hispanoamericanos (Facultad de Humanidades) y de la Biblioteca Central, en la UCV.<br/>En 1977 ganó el Premio Anual de Investigación, que otorga la Asociación de Profesores de la UCV (APUCV), por su obra Venezuela 1902. La Crisis Fiscal, y en 1987 obtuvo el Premio "6 de Septiembre" del Instituto Hispánico de las Islas Canarias por su obra La Libranza del Sudor (Emigración Canaria a Venezuela en el siglo XIX).<br/>Miembro del Consejo Editor de la Revista Tierra Firme y colaborador en revistas especializadas nacionales y extranjeras.
942 #1 - ELEMENTOS DE ENTRADA AGREGADA (KOHA)
Fuente del sistema de clasificación o colocación Library of Congress Classification
Ocultar en OPAC No
Tipo de ítem Koha Libros
Existencias
Estado de retiro Estado de pérdida Fuente del sistema de clasificación o colocación Estado dañado No para préstamo Código de colección Localización permanente Ubicación/localización actual Ubicación en estantería Fecha de adquisición Número de inventario Total de préstamos Código de barras Fecha visto por última vez Precio válido a partir de Tipo de ítem Koha
    Library of Congress Classification     Colección general Biblioteca Universidad Monteávila Biblioteca Universidad Monteávila Colección general 15/04/2026 45755   2026-0514 15/04/2026 15/04/2026 Libros

Copyright @ UMA Library
Universidad Monteávila Caracas, Venezuela

Edif. Sede principal Universidad Monteávila. Av. El Buen Pastor. Boleíta Norte. Caracas. 
Customized by Universidad Monteávila

Con tecnología Koha